01367cam a2200301 a 450000100060000000300080000600500170001400800410003102000170007203500190008904000320010804100080014008200230014810000560017124500390022726000470026630000400031352001270035360000520048065000560053265000540058865000370064265000550067994200120073499900170074695201440076395201580090719583BD-RjUL20211209000442.0140225s1994 ii a 000 0 eng  a8170173086 : a(BD-RjUL)19643 aDLCcDLCdDLCdBD-RjULbeng aeng04a732.4454bSHB 19941 aSharma, R. C.q(Ramesh Chandra),d1936-2006.96016810aBharhut sculptures /cR.C. Sharma. aNew Delhi :bAbhinav Publications,cc1994. a52 p. :bill. (some col.) ;c29 cm. aIntroduction to the remains of the Sunga period, 2nd-1st century B.C. from the stupa at Bharhut village in Madhya Pradesh.00aGautama BuddhaxShrineszIndiazBharhut.960174 0aBuddhist relief (Sculpture)zIndiazBharhut.960170 0aRelief (Sculpture), IndiczIndiazBharhut.960171 0aStù„paszIndiazBharhut.960172 0aBuddhist art and symbolismzIndiazBharhut.960173 2ddccBK c19583d19583 00102ddc4070aRUCLbRUCLcStackd2005-10-08eParagon Ent., Dhakag450.00l0o732.4454 SHB 1994r2014-02-25 00:00:00tC-2w2014-02-25yBK 00102ddc40718NFICaRUCLbRUCLcReadingd2005-10-08eDhaka, Paragon Enterpriseg450.00l0o732.4454 SHB 1994r2020-01-02 00:00:00tC-1w2020-01-02yBK